Management of optics : October 1-2, 1980, Huntsville, Alabama /

Bibliographic Details
Corporate Author: Society of Photo-optical Instrumentation Engineers
Other Authors: Hartman, Richard L.
Format: Book
Language:English
Published: Bellingham, Wash. : Society of Photo-optical Instrumentation Engineers, [1981]
Series:Proceedings of SPIE--the International Society for Optical Engineering ; v. 260.
Subjects:
Online Access:https://www.spiedigitallibrary.org/conference-proceedings-of-SPIE/0260.toc

MARC

Tag First Indicator Second Indicator Subfields
LEADER 00000cam a2200000 a 4500
001 in00000084522
005 20230328213916.7
008 810908s1981 waua b 001 0 eng
010 |a  80054297  
020 |a 0892522895 (pbk.) 
035 |a (OCoLC)07812248 
035 |9 AAJ8027AM 
039 0 |a 2  |b 3  |c 3  |d 3  |e 3 
040 |a DLC  |c DLC  |d TXA  |d UtOrBLW 
049 |a TXAM  |c [1561372] 
050 0 0 |a TS514  |b .M36 
082 0 |a 681/.4/068  |2 19 
245 0 0 |a Management of optics :  |b October 1-2, 1980, Huntsville, Alabama /  |c Richard L. Hartman, editor. 
264 1 |a Bellingham, Wash. :  |b Society of Photo-optical Instrumentation Engineers,  |c [1981] 
264 4 |c ©1981 
300 |a vi, 128 pages :  |b illustrations ;  |c 28 cm. 
336 |a text  |b txt  |2 rdacontent 
337 |a unmediated  |b n  |2 rdamedia 
338 |a volume  |b nc  |2 rdacarrier 
490 1 |a Proceedings of the Society of Photo-Optical Instrumentation Engineers ;  |v v. 260 
504 |a Includes bibliographical references and indexes. 
650 0 |a Optical industry  |x Management. 
700 1 |a Hartman, Richard L. 
710 2 |a Society of Photo-optical Instrumentation Engineers. 
830 0 |a Proceedings of SPIE--the International Society for Optical Engineering ;  |v v. 260. 
856 4 1 |u https://www.spiedigitallibrary.org/conference-proceedings-of-SPIE/0260.toc  |t 0 
999 |a MARS 
999 f f |s 91a0b670-a328-3ad2-950a-1cdbf1e8c847  |i b3ec6532-ccee-3838-8fb9-52bd204e2d99  |t 0 
952 f f |p ric  |a Texas A&M University  |b Rellis Campus  |c Joint Library Facility  |d Remote Storage  |t 0  |e TS514 .M36  |h Library of Congress classification  |i unmediated -- volume  |m A14806259028 
998 f f |a TS514 .M36  |t 0  |l Remote Storage